000 00646nam a22001697a 4500
003 OSt
005 20260127065858.0
008 260127b |||||||| |||| 00| 0 eng d
040 _aSEKU
050 _aTK 7871
_b.W36
100 _aWambua, Ndimi A Miriam
245 _aFinancial inclusion and growth of deposit taking Sacco's in Eastern region in Kenya/ a research project submitted in partial fulfilment of the requirements for the degree of Master of Business Administration (Finance Option South Eastern Kenya University
260 _aSEKU:
_bSEKU,
_c2025.
300 _a127p.:
650 _aFinance
_vSacco's
942 _2lcc
_cSL1
999 _c18743
_d18743